| Tag |
First Indicator |
Second Indicator |
Subfields |
| LEADER |
00000cam a2200000Ia 4500 |
| 001 |
in00003602821 |
| 005 |
20170928105119.0 |
| 008 |
900719s1990 ilu f000 0 eng |
| 035 |
|
|
|a (OCoLC)ocm22100871
|
| 040 |
|
|
|a AGL
|b eng
|c AGL
|d GPO
|d AGL
|d MTG
|d OCLCF
|d OCLCQ
|d KLG
|d GPO
|d MvI
|d UtOrBLW
|
| 043 |
|
|
|a n-us-il
|
| 049 |
|
|
|a UDOC
|
| 074 |
|
|
|a 0026-A-01
|
| 086 |
0 |
|
|a A 77.2:R 31/18
|
| 245 |
0 |
0 |
|a 50 years, 1940-1990 :
|b Northern Regional Research Center.
|
| 246 |
3 |
0 |
|a Northern Regional Research Center
|
| 246 |
3 |
|
|a Fifty years, 1940-1990 :
|b Northern Regional Research Center
|
| 264 |
|
1 |
|a Peoria, IL :
|b Agricultural Research Service,
|c [1990]
|
| 300 |
|
|
|a 14 pages ;
|c 28 cm
|
| 336 |
|
|
|a text
|b txt
|2 rdacontent
|
| 337 |
|
|
|a unmediated
|b n
|2 rdamedia
|
| 338 |
|
|
|a volume
|b nc
|2 rdacarrier
|
| 500 |
|
|
|a Cover title.
|
| 500 |
|
|
|a Shipping list number: 1990-425-P.
|
| 610 |
1 |
0 |
|a United States.
|b Agricultural Research Service.
|b Northern Regional Research Center.
|0 http://id.loc.gov/authorities/names/n83061811
|
| 610 |
1 |
7 |
|a United States.
|b Agricultural Research Service.
|b Northern Regional Research Center.
|2 fast
|0 (OCoLC)fst00581243
|
| 710 |
1 |
|
|a United States.
|b Agricultural Research Service.
|b Northern Regional Research Center.
|0 http://id.loc.gov/authorities/names/n83061811
|
| 999 |
f |
f |
|s 9fa89869-8f9a-33c6-a4a3-b8328235f3e6
|i 39a3482e-a77f-39c9-b987-5baafeb346a0
|t 0
|
| 952 |
f |
f |
|p normal
|a Texas A&M University
|b College Station
|c Sterling C. Evans Library
|d Evans: US Documents (Annex 5th floor)
|t 0
|e A 77.2:R 31/18
|h Superintendent of Documents classification
|i unmediated -- volume
|m A14842657059
|
| 998 |
f |
f |
|a A 77.2:R 31/18
|t 0
|l Evans: US Documents (Annex 5th floor)
|